[Event "Amsterdam Science Park 2023"]
[Site "Science Park, Amsterdam, Netherlands"]
[Date "2023.07.19"]
[Round "5.6"]
[White "Elgersma, Onno"]
[Black "Baarslag, Ed"]
[Result "1-0"]
[WhiteElo "2265"]
[BlackElo "2112"]

1. e4 {[%clk 01:28:06]} {[%emt 00:02:53]} c6 {[%clk 01:29:04]} {[%emt
00:01:56]} 2. Nf3 {[%clk 01:27:47]} {[%emt 00:00:49]} d5 {[%clk 01:29:23]}
{[%emt 00:00:12]} 3. Nc3 {[%clk 01:28:06]} {[%emt 00:00:10]} dxe4 {[%clk
01:29:29]} {[%emt 00:00:24]} 4. Nxe4 {[%clk 01:28:26]} {[%emt 00:00:11]} Nf6
{[%clk 01:29:43]} {[%emt 00:00:16]} 5. Qe2 {[%clk 01:28:39]} {[%emt 00:00:17]}
Nxe4 {[%clk 01:29:58]} {[%emt 00:00:15]} 6. Qxe4 {[%clk 01:28:59]} {[%emt
00:00:10]} Nd7 {[%clk 01:30:15]} {[%emt 00:00:13]} 7. d4 {[%clk 01:28:26]}
{[%emt 00:01:03]} Nf6 {[%clk 01:29:11]} {[%emt 00:01:33]} 8. Qf4 {[%clk
01:28:11]} {[%emt 00:00:44]} g6 {[%clk 01:25:33]} {[%emt 00:04:09]} 9. Bd3
{[%clk 01:28:22]} {[%emt 00:00:19]} Bg7 {[%clk 01:25:35]} {[%emt 00:00:28]} 10.
O-O {[%clk 01:28:38]} {[%emt 00:00:14]} O-O {[%clk 01:25:44]} {[%emt 00:00:22]}
11. Re1 {[%clk 01:28:49]} {[%emt 00:00:19]} Bg4 {[%clk 01:13:55]} {[%emt
00:12:19]} 12. Ne5 {[%clk 01:28:38]} {[%emt 00:00:40]} Be6 {[%clk 01:13:40]}
{[%emt 00:00:45]} 13. Qh4 {[%clk 01:22:48]} {[%emt 00:06:18]} Qc8 {[%clk
01:11:17]} {[%emt 00:02:55]} 14. c3 {[%clk 01:06:06]} {[%emt 00:17:12]} Bf5
{[%clk 01:04:20]} {[%emt 00:07:28]} 15. Bc4 {[%clk 00:53:05]} {[%emt 00:13:30]}
b5 {[%clk 00:59:28]} {[%emt 00:05:22]} 16. Bf1 {[%clk 00:51:06]} {[%emt
00:02:28]} a6 {[%clk 00:52:37]} {[%emt 00:07:23]} 17. a4 {[%clk 00:48:14]}
{[%emt 00:03:22]} Re8 {[%clk 00:48:52]} {[%emt 00:04:14]} 18. Bh6 {[%clk
00:40:41]} {[%emt 00:08:03]} Bh8 {[%clk 00:45:17]} {[%emt 00:04:05]} 19. h3
{[%clk 00:38:56]} {[%emt 00:02:14]} Rb8 {[%clk 00:42:11]} {[%emt 00:03:36]} 20.
axb5 {[%clk 00:35:13]} {[%emt 00:04:15]} axb5 {[%clk 00:41:46]} {[%emt
00:00:54]} 21. Qf4 {[%clk 00:33:09]} {[%emt 00:02:33]} Be6 {[%clk 00:39:45]}
{[%emt 00:02:32]} 22. Be2 {[%clk 00:23:21]} {[%emt 00:10:18]} Nd5 {[%clk
00:25:15]} {[%emt 00:15:00]} 23. Qg3 {[%clk 00:21:05]} {[%emt 00:02:46]} Bg7
{[%clk 00:24:56]} {[%emt 00:00:48]} 24. Bxg7 {[%clk 00:20:40]} {[%emt
00:00:55]} Kxg7 {[%clk 00:25:22]} {[%emt 00:00:05]} 25. Nd3 {[%clk 00:20:47]}
{[%emt 00:00:23]} Nf6 {[%clk 00:21:05]} {[%emt 00:04:47]} 26. Ra7 {[%clk
00:17:31]} {[%emt 00:03:46]} Rb7 {[%clk 00:17:33]} {[%emt 00:04:02]} 27. Ra6
{[%clk 00:17:05]} {[%emt 00:00:55]} Bd5 {[%clk 00:17:07]} {[%emt 00:00:55]} 28.
Nc5 {[%clk 00:16:44]} {[%emt 00:00:52]} Rb8 {[%clk 00:17:23]} {[%emt 00:00:15]}
29. Rea1 {[%clk 00:15:50]} {[%emt 00:01:24]} Nd7 {[%clk 00:15:24]} {[%emt
00:02:29]} 30. Bg4 {[%clk 00:14:33]} {[%emt 00:01:46]} e6 {[%clk 00:14:59]}
{[%emt 00:00:56]} 31. Nd3 {[%clk 00:10:29]} {[%emt 00:04:34]} Rb7 {[%clk
00:14:41]} {[%emt 00:00:49]} 32. h4 {[%clk 00:08:18]} {[%emt 00:02:40]} Qc7
{[%clk 00:14:50]} {[%emt 00:00:21]} 33. Qe3 {[%clk 00:07:58]} {[%emt 00:00:49]}
h6 {[%clk 00:11:40]} {[%emt 00:03:41]} 34. Nb4 {[%clk 00:05:26]} {[%emt
00:03:02]} Nf6 {[%clk 00:11:13]} {[%emt 00:00:57]} 35. Bf3 {[%clk 00:03:23]}
{[%emt 00:02:33]} Rb6 {[%clk 00:08:03]} {[%emt 00:03:40]} 36. Rxb6 {[%clk
00:02:29]} {[%emt 00:01:24]} Qxb6 {[%clk 00:08:28]} {[%emt 00:00:05]} 37. Be2
{[%clk 00:02:39]} {[%emt 00:00:20]} Qc7 {[%clk 00:07:39]} {[%emt 00:01:18]} 38.
Nd3 {[%clk 00:02:00]} {[%emt 00:01:09]} Nd7 {[%clk 00:05:51]} {[%emt 00:02:18]}
39. f4 {[%clk 00:02:05]} {[%emt 00:00:26]} Bc4 {[%clk 00:04:05]} {[%emt
00:02:16]} 40. h5 {[%clk 00:01:42]} {[%emt 00:00:52]} Bxd3 {[%clk 00:02:19]}
{[%emt 00:02:16]} 41. Bxd3 {[%clk 00:01:23]} {[%emt 00:00:49]} gxh5 {[%clk
00:14:05]} {[%emt 00:18:44]} 42. Qg3+ {[%clk 00:14:46]} {[%emt 00:17:07]} Kh8
{[%clk 00:13:03]} {[%emt 00:01:32]} 43. Qh4 {[%clk 00:14:57]} {[%emt 00:00:20]}
Rg8 {[%clk 00:11:03]} {[%emt 00:02:31]} 44. Rf1 {[%clk 00:15:10]} {[%emt
00:00:16]} Qd8 {[%clk 00:10:28]} {[%emt 00:01:06]} 45. Qxh5 {[%clk 00:15:12]}
{[%emt 00:00:28]} Qf6 {[%clk 00:10:35]} {[%emt 00:00:23]} 46. Be4 {[%clk
00:14:48]} {[%emt 00:00:53]} b4 {[%clk 00:08:50]} {[%emt 00:02:17]} 47. Bxc6
{[%clk 00:13:53]} {[%emt 00:01:25]} bxc3 {[%clk 00:09:07]} {[%emt 00:00:14]} 48.
bxc3 {[%clk 00:10:17]} {[%emt 00:04:06]} Qg7 {[%clk 00:08:35]} {[%emt
00:01:01]} 49. f5 {[%clk 00:06:16]} {[%emt 00:04:31]} e5 {[%clk 00:06:22]}
{[%emt 00:02:43]} 50. f6 {[%clk 00:05:11]} {[%emt 00:01:35]} 1-0

[Event "Amsterdam Science Park 2023"]
[Site "Science Park, Amsterdam, Netherlands"]
[Date "2023.07.19"]
[Round "5.7"]
[White "De Jong, Tom"]
[Black "Wunnink, Michael"]
[Result "1-0"]
[WhiteElo "2176"]
[BlackElo "2252"]

1. e4 {[%clk 01:30:56]} {[%emt 00:00:02]} c6 {[%clk 01:30:28]} {[%emt
00:00:33]} 2. d4 {[%clk 01:31:06]} {[%emt 00:00:20]} d5 {[%clk 01:30:51]}
{[%emt 00:00:07]} 3. e5 {[%clk 01:29:43]} {[%emt 00:01:54]} c5 {[%clk
01:30:30]} {[%emt 00:00:50]} 4. dxc5 {[%clk 01:29:43]} {[%emt 00:00:30]} e6
{[%clk 01:30:47]} {[%emt 00:00:13]} 5. a3 {[%clk 01:23:59]} {[%emt 00:06:14]}
Bxc5 {[%clk 01:29:39]} {[%emt 00:01:37]} 6. Nf3 {[%clk 01:23:52]} {[%emt
00:00:37]} f6 {[%clk 01:26:28]} {[%emt 00:03:39]} 7. b4 {[%clk 01:08:59]}
{[%emt 00:15:25]} Be7 {[%clk 01:23:14]} {[%emt 00:03:41]} 8. Bd3 {[%clk
01:02:07]} {[%emt 00:07:26]} Nd7 {[%clk 01:03:34]} {[%emt 00:20:08]} 9. Bb2
{[%clk 00:59:35]} {[%emt 00:03:04]} a5 {[%clk 00:52:54]} {[%emt 00:11:11]} 10.
O-O {[%clk 00:57:32]} {[%emt 00:02:32]} Nh6 {[%clk 00:40:08]} {[%emt 00:13:16]}
11. c4 {[%clk 00:55:10]} {[%emt 00:02:53]} dxc4 {[%clk 00:20:03]} {[%emt
00:20:34]} 12. Bxc4 {[%clk 00:55:20]} {[%emt 00:00:19]} Nb6 {[%clk 00:19:17]}
{[%emt 00:01:17]} 13. Bb5+ {[%clk 00:44:53]} {[%emt 00:10:58]} Bd7 {[%clk
00:18:14]} {[%emt 00:01:33]} 14. Qe2 {[%clk 00:43:37]} {[%emt 00:01:45]} O-O
{[%clk 00:17:47]} {[%emt 00:00:57]} 15. Bxd7 {[%clk 00:38:13]} {[%emt
00:05:54]} Qxd7 {[%clk 00:17:58]} {[%emt 00:00:18]} 16. Rd1 {[%clk 00:38:16]}
{[%emt 00:00:27]} Nd5 {[%clk 00:17:53]} {[%emt 00:00:36]} 17. Nc3 {[%clk
00:32:17]} {[%emt 00:06:29]} axb4 {[%clk 00:16:49]} {[%emt 00:01:34]} 18. axb4
{[%clk 00:31:57]} {[%emt 00:00:49]} Rxa1 {[%clk 00:16:05]} {[%emt 00:01:15]} 19.
Bxa1 {[%clk 00:31:54]} {[%emt 00:00:33]} Nxc3 {[%clk 00:12:26]} {[%emt
00:04:08]} 20. Bxc3 {[%clk 00:28:40]} {[%emt 00:03:44]} Qc8 {[%clk 00:11:24]}
{[%emt 00:01:33]} 21. exf6 {[%clk 00:25:45]} {[%emt 00:03:25]} gxf6 {[%clk
00:10:11]} {[%emt 00:01:42]} 22. Rc1 {[%clk 00:16:48]} {[%emt 00:09:27]} Qd7
{[%clk 00:09:37]} {[%emt 00:01:03]} 23. Qd2 {[%clk 00:16:17]} {[%emt 00:01:02]}
Qxd2 {[%clk 00:09:05]} {[%emt 00:01:02]} 24. Bxd2 {[%clk 00:16:41]} {[%emt
00:00:05]} Nf5 {[%clk 00:07:14]} {[%emt 00:02:20]} 25. Rc7 {[%clk 00:16:11]}
{[%emt 00:01:00]} b6 {[%clk 00:06:22]} {[%emt 00:01:22]} 26. g4 {[%clk
00:11:17]} {[%emt 00:05:24]} Bd8 {[%clk 00:06:43]} {[%emt 00:00:10]} 27. Rd7
{[%clk 00:06:28]} {[%emt 00:05:20]} Ne7 {[%clk 00:06:11]} {[%emt 00:01:01]} 28.
b5 {[%clk 00:06:09]} {[%emt 00:00:49]} e5 {[%clk 00:05:35]} {[%emt 00:01:06]}
29. Nh4 {[%clk 00:03:50]} {[%emt 00:02:48]} Kf7 {[%clk 00:04:03]} {[%emt
00:02:02]} 30. Bb4 {[%clk 00:03:53]} {[%emt 00:00:28]} Rg8 {[%clk 00:03:24]}
{[%emt 00:01:09]} 31. h3 {[%clk 00:03:40]} {[%emt 00:00:44]} Ke6 {[%clk
00:03:19]} {[%emt 00:00:35]} 32. Rd6+ {[%clk 00:03:20]} {[%emt 00:00:50]} Kf7
{[%clk 00:03:44]} {[%emt 00:00:04]} 33. Kf1 {[%clk 00:03:30]} {[%emt 00:00:20]}
Re8 {[%clk 00:01:40]} {[%emt 00:02:33]} 34. Nf5 {[%clk 00:02:35]} {[%emt
00:01:26]} Nxf5 {[%clk 00:01:03]} {[%emt 00:01:07]} 35. gxf5 {[%clk 00:03:03]}
{[%emt 00:00:01]} Rg8 {[%clk 00:01:13]} {[%emt 00:00:21]} 36. Rd7+ {[%clk
00:02:51]} {[%emt 00:00:42]} Ke8 {[%clk 00:01:37]} {[%emt 00:00:07]} 37. Rxh7
{[%clk 00:02:53]} {[%emt 00:00:28]} Rg5 {[%clk 00:02:00]} {[%emt 00:00:06]} 38.
h4 {[%clk 00:02:29]} {[%emt 00:00:54]} Rxf5 {[%clk 00:02:17]} {[%emt 00:00:14]}
39. h5 {[%clk 00:02:40]} {[%emt 00:00:19]} e4 {[%clk 00:01:34]} {[%emt
00:01:14]} 40. h6 {[%clk 00:01:38]} {[%emt 00:01:31]} e3 {[%clk 00:00:38]}
{[%emt 00:01:25]} 41. Rg7 {[%clk 00:27:39]} {[%emt 00:04:29]} Rxf2+ {[%clk
00:17:11]} {[%emt 00:13:58]} 42. Kg1 {[%clk 00:25:30]} {[%emt 00:02:39]} 1-0

[Event "Amsterdam Science Park 2023"]
[Site "Science Park, Amsterdam, Netherlands"]
[Date "2023.07.19"]
[Round "5.8"]
[White "Boeren, Jurriaan"]
[Black "De Groote, Ewoud"]
[Result "1/2-1/2"]
[WhiteElo "1987"]
[BlackElo "2232"]

1. e4 {[%clk 01:30:56]} {[%emt 00:00:04]} c6 {[%clk 01:30:55]} {[%emt
00:00:06]} 2. d4 {[%clk 01:31:21]} {[%emt 00:00:05]} d5 {[%clk 01:31:22]}
{[%emt 00:00:03]} 3. e5 {[%clk 01:31:47]} {[%emt 00:00:04]} c5 {[%clk
01:31:41]} {[%emt 00:00:11]} 4. dxc5 {[%clk 01:32:12]} {[%emt 00:00:04]} e6
{[%clk 01:32:00]} {[%emt 00:00:11]} 5. a3 {[%clk 01:32:37]} {[%emt 00:00:05]}
Bxc5 {[%clk 01:31:09]} {[%emt 00:01:21]} 6. Qg4 {[%clk 01:32:51]} {[%emt
00:00:16]} Ne7 {[%clk 01:27:16]} {[%emt 00:04:24]} 7. Nf3 {[%clk 01:33:12]}
{[%emt 00:00:09]} O-O {[%clk 01:09:51]} {[%emt 00:17:55]} 8. Bd3 {[%clk
01:33:06]} {[%emt 00:00:36]} f5 {[%clk 01:03:03]} {[%emt 00:07:18]} 9. exf6
{[%clk 01:33:14]} {[%emt 00:00:22]} Rxf6 {[%clk 01:03:27]} {[%emt 00:00:06]} 10.
Qh5 {[%clk 01:33:29]} {[%emt 00:00:16]} h6 {[%clk 01:01:20]} {[%emt 00:02:38]}
11. O-O {[%clk 01:32:43]} {[%emt 00:01:15]} Nbc6 {[%clk 00:57:53]} {[%emt
00:03:57]} 12. b4 {[%clk 01:26:39]} {[%emt 00:06:34]} Bd6 {[%clk 00:37:29]}
{[%emt 00:20:55]} 13. b5 {[%clk 01:18:37]} {[%emt 00:08:32]} Na5 {[%clk
00:35:14]} {[%emt 00:02:44]} 14. Bb2 {[%clk 01:17:51]} {[%emt 00:01:17]} Rf7
{[%clk 00:29:57]} {[%emt 00:05:47]} 15. Nbd2 {[%clk 01:05:48]} {[%emt
00:12:33]} Bd7 {[%clk 00:23:52]} {[%emt 00:06:35]} 16. Ne5 {[%clk 00:57:01]}
{[%emt 00:09:17]} Bxe5 {[%clk 00:23:48]} {[%emt 00:00:34]} 17. Qxe5 {[%clk
00:54:50]} {[%emt 00:02:40]} Rc8 {[%clk 00:18:25]} {[%emt 00:05:54]} 18. Rfe1
{[%clk 00:48:31]} {[%emt 00:06:48]} Nc4 {[%clk 00:14:35]} {[%emt 00:04:20]} 19.
Nxc4 {[%clk 00:39:37]} {[%emt 00:09:24]} dxc4 {[%clk 00:15:04]} {[%emt
00:00:02]} 20. Be4 {[%clk 00:39:10]} {[%emt 00:00:57]} Qb6 {[%clk 00:12:23]}
{[%emt 00:03:11]} 21. Bd4 {[%clk 00:32:09]} {[%emt 00:07:30]} Qxb5 {[%clk
00:12:37]} {[%emt 00:00:16]} 22. Qxb5 {[%clk 00:31:57]} {[%emt 00:00:42]} Bxb5
{[%clk 00:13:06]} {[%emt 00:00:01]} 23. Bxb7 {[%clk 00:30:20]} {[%emt
00:02:07]} Rd8 {[%clk 00:10:09]} {[%emt 00:03:26]} 24. Bc5 {[%clk 00:23:14]}
{[%emt 00:07:36]} Nd5 {[%clk 00:09:12]} {[%emt 00:01:27]} 25. Bxd5 {[%clk
00:22:31]} {[%emt 00:01:13]} Rxd5 {[%clk 00:09:13]} {[%emt 00:00:29]} 26. Bb4
{[%clk 00:18:38]} {[%emt 00:04:23]} Ba4 {[%clk 00:07:50]} {[%emt 00:01:53]} 27.
Rxe6 {[%clk 00:15:23]} {[%emt 00:03:46]} Bxc2 {[%clk 00:08:08]} {[%emt
00:00:12]} 1/2-1/2

[Event "Amsterdam Science Park 2023"]
[Site "Science Park, Amsterdam, Netherlands"]
[Date "2023.07.19"]
[Round "5.9"]
[White "Honkoop, Gilian"]
[Black "Snijders, Take"]
[Result "1-0"]
[WhiteElo "2193"]
[BlackElo "1873"]

1. c4 {[%clk 01:30:58]} {[%emt 00:00:01]} e5 {[%clk 01:30:20]} {[%emt
00:00:41]} 2. Nc3 {[%clk 01:31:20]} {[%emt 00:00:07]} Bb4 {[%clk 01:30:10]}
{[%emt 00:00:40]} 3. Qc2 {[%clk 01:26:40]} {[%emt 00:05:11]} Nf6 {[%clk
01:26:57]} {[%emt 00:03:43]} 4. Nf3 {[%clk 01:25:41]} {[%emt 00:01:29]} d6
{[%clk 01:24:02]} {[%emt 00:03:24]} 5. e3 {[%clk 01:17:53]} {[%emt 00:08:18]}
O-O {[%clk 01:22:04]} {[%emt 00:02:28]} 6. Be2 {[%clk 01:18:15]} {[%emt
00:00:08]} Re8 {[%clk 01:19:58]} {[%emt 00:02:36]} 7. O-O {[%clk 01:16:59]}
{[%emt 00:01:46]} Bg4 {[%clk 01:17:10]} {[%emt 00:03:18]} 8. d3 {[%clk
01:10:33]} {[%emt 00:06:56]} Nbd7 {[%clk 01:13:19]} {[%emt 00:04:21]} 9. a3
{[%clk 01:07:12]} {[%emt 00:03:52]} Bxc3 {[%clk 01:11:23]} {[%emt 00:02:26]} 10.
Qxc3 {[%clk 01:07:36]} {[%emt 00:00:06]} e4 {[%clk 01:03:12]} {[%emt 00:08:41]}
11. dxe4 {[%clk 01:05:06]} {[%emt 00:02:59]} Nxe4 {[%clk 01:03:17]} {[%emt
00:00:25]} 12. Qc2 {[%clk 01:05:28]} {[%emt 00:00:08]} Qf6 {[%clk 00:58:10]}
{[%emt 00:05:37]} 13. Nd4 {[%clk 00:51:50]} {[%emt 00:14:09]} Bxe2 {[%clk
00:55:49]} {[%emt 00:02:51]} 14. Nxe2 {[%clk 00:52:17]} {[%emt 00:00:03]} Ndc5
{[%clk 00:48:22]} {[%emt 00:07:56]} 15. f3 {[%clk 00:42:53]} {[%emt 00:09:54]}
Ng5 {[%clk 00:48:12]} {[%emt 00:00:40]} 16. e4 {[%clk 00:40:27]} {[%emt
00:02:57]} a5 {[%clk 00:43:35]} {[%emt 00:05:07]} 17. Be3 {[%clk 00:30:42]}
{[%emt 00:10:16]} Nge6 {[%clk 00:40:01]} {[%emt 00:04:01]} 18. b3 {[%clk
00:29:31]} {[%emt 00:01:43]} h5 {[%clk 00:27:45]} {[%emt 00:12:46]} 19. Rad1
{[%clk 00:26:39]} {[%emt 00:03:22]} Rad8 {[%clk 00:26:17]} {[%emt 00:01:57]} 20.
Bd2 {[%clk 00:21:45]} {[%emt 00:05:24]} b6 {[%clk 00:22:04]} {[%emt 00:04:44]}
21. Be3 {[%clk 00:21:45]} {[%emt 00:00:29]} Qg6 {[%clk 00:20:58]} {[%emt
00:01:36]} 22. Nc3 {[%clk 00:21:47]} {[%emt 00:00:27]} h4 {[%clk 00:20:03]}
{[%emt 00:01:26]} 23. Nd5 {[%clk 00:17:30]} {[%emt 00:04:47]} Rd7 {[%clk
00:16:51]} {[%emt 00:03:42]} 24. b4 {[%clk 00:12:23]} {[%emt 00:05:38]} Nb7
{[%clk 00:16:46]} {[%emt 00:00:34]} 25. f4 {[%clk 00:11:26]} {[%emt 00:01:27]}
Nf8 {[%clk 00:14:42]} {[%emt 00:02:34]} 26. f5 {[%clk 00:11:18]} {[%emt
00:00:38]} Qh5 {[%clk 00:13:54]} {[%emt 00:01:18]} 27. Rf4 {[%clk 00:11:21]}
{[%emt 00:00:27]} axb4 {[%clk 00:12:47]} {[%emt 00:01:38]} 28. axb4 {[%clk
00:11:46]} {[%emt 00:00:05]} Ra8 {[%clk 00:12:49]} {[%emt 00:00:28]} 29. Bf2
{[%clk 00:11:52]} {[%emt 00:00:23]} Ra2 {[%clk 00:12:36]} {[%emt 00:00:43]} 30.
Qb1 {[%clk 00:10:55]} {[%emt 00:01:28]} Rb2 {[%clk 00:11:28]} {[%emt 00:01:38]}
31. Qc1 {[%clk 00:10:53]} {[%emt 00:00:31]} Qe2 {[%clk 00:10:59]} {[%emt
00:00:58]} 32. Re1 {[%clk 00:07:23]} {[%emt 00:04:01]} Rc2 {[%clk 00:10:30]}
{[%emt 00:01:00]} 33. Qb1 {[%clk 00:06:17]} {[%emt 00:01:36]} Qd2 {[%clk
00:09:27]} {[%emt 00:01:33]} 34. Rf3 {[%clk 00:02:07]} {[%emt 00:04:39]} Nh7
{[%clk 00:05:00]} {[%emt 00:04:57]} 35. Rd1 {[%clk 00:02:04]} {[%emt 00:00:33]}
Rb2 {[%clk 00:04:09]} {[%emt 00:01:21]} 36. Qa1 {[%clk 00:01:41]} {[%emt
00:00:53]} Qe2 {[%clk 00:02:54]} {[%emt 00:01:45]} 37. Nc3 {[%clk 00:00:33]}
{[%emt 00:01:37]} Qc2 {[%clk 00:03:24]} 38. Rc1 {[%clk 00:00:55]} {[%emt
00:00:08]} Qd2 {[%clk 00:03:10]} {[%emt 00:00:44]} 39. Nd1 {[%clk 00:00:57]}
{[%emt 00:00:28]} Rxb4 {[%clk 00:02:13]} {[%emt 00:01:27]} 40. Bxh4 {[%clk
00:00:35]} {[%emt 00:00:52]} Ng5 {[%clk 00:01:09]} {[%emt 00:01:35]} 41. Re3
{[%clk 00:24:45]} {[%emt 00:06:19]} Ra4 {[%clk 00:13:27]} {[%emt 00:18:11]} 42.
Qxa4 {[%clk 00:23:06]} {[%emt 00:02:10]} Qxc1 {[%clk 00:13:41]} {[%emt
00:00:16]} 43. Qxd7 {[%clk 00:18:16]} {[%emt 00:05:19]} Qxd1+ {[%clk 00:13:59]}
{[%emt 00:00:12]} 44. Re1 {[%clk 00:18:40]} {[%emt 00:00:06]} Qd4+ {[%clk
00:13:00]} {[%emt 00:01:30]} 45. Kh1 {[%clk 00:17:13]} {[%emt 00:01:56]} Qf6
{[%clk 00:12:47]} {[%emt 00:00:44]} 46. Qc8+ {[%clk 00:17:39]} {[%emt
00:00:05]} Nd8 {[%clk 00:13:10]} {[%emt 00:00:07]} 47. e5 {[%clk 00:18:04]}
{[%emt 00:00:05]} dxe5 {[%clk 00:13:12]} {[%emt 00:00:27]} 48. Rd1 {[%clk
00:18:29]} {[%emt 00:00:05]} 1-0

[Event "Amsterdam Science Park 2023"]
[Site "Science Park, Amsterdam, Netherlands"]
[Date "2023.07.19"]
[Round "5.10"]
[White "Van der Poel, Henk"]
[Black "Hu, Yu A."]
[Result "0-1"]
[WhiteElo "2211"]
[BlackElo "2056"]

1. e4 {[%clk 01:30:53]} {[%emt 00:00:06]} c5 {[%clk 01:30:36]} {[%emt
00:00:24]} 2. Nf3 {[%clk 01:31:01]} {[%emt 00:00:21]} d6 {[%clk 01:30:52]}
{[%emt 00:00:15]} 3. d4 {[%clk 01:31:03]} {[%emt 00:00:28]} cxd4 {[%clk
01:31:11]} {[%emt 00:00:12]} 4. Nxd4 {[%clk 01:31:18]} {[%emt 00:00:14]} Nf6
{[%clk 01:31:08]} {[%emt 00:00:33]} 5. Nc3 {[%clk 01:31:40]} {[%emt 00:00:08]}
a6 {[%clk 01:31:08]} {[%emt 00:00:31]} 6. Be3 {[%clk 01:31:42]} {[%emt
00:00:27]} e5 {[%clk 01:31:09]} {[%emt 00:00:29]} 7. Nb3 {[%clk 01:32:04]}
{[%emt 00:00:07]} Be6 {[%clk 01:31:12]} {[%emt 00:00:27]} 8. f3 {[%clk
01:31:59]} {[%emt 00:00:35]} h5 {[%clk 01:27:05]} {[%emt 00:04:37]} 9. Nd5
{[%clk 01:31:53]} {[%emt 00:00:35]} Bxd5 {[%clk 01:27:21]} {[%emt 00:00:15]} 10.
exd5 {[%clk 01:32:13]} {[%emt 00:00:09]} Nbd7 {[%clk 01:27:42]} {[%emt
00:00:10]} 11. Qd2 {[%clk 01:32:24]} {[%emt 00:00:19]} g6 {[%clk 01:27:12]}
{[%emt 00:01:00]} 12. Be2 {[%clk 01:31:48]} {[%emt 00:01:06]} Bg7 {[%clk
01:26:17]} {[%emt 00:01:25]} 13. O-O {[%clk 01:24:08]} {[%emt 00:08:09]} O-O
{[%clk 01:26:17]} {[%emt 00:00:31]} 14. Na5 {[%clk 01:21:51]} {[%emt 00:02:47]}
Rb8 {[%clk 01:19:55]} {[%emt 00:06:54]} 15. c4 {[%clk 01:19:32]} {[%emt
00:02:48]} e4 {[%clk 01:05:18]} {[%emt 00:15:08]} 16. f4 {[%clk 01:17:50]}
{[%emt 00:02:10]} Ng4 {[%clk 01:04:11]} {[%emt 00:01:38]} 17. Bxg4 {[%clk
01:18:08]} {[%emt 00:00:12]} hxg4 {[%clk 01:04:36]} {[%emt 00:00:05]} 18. Rab1
{[%clk 01:12:35]} {[%emt 00:06:03]} Qh4 {[%clk 00:59:28]} {[%emt 00:05:39]} 19.
g3 {[%clk 01:02:27]} {[%emt 00:10:37]} Qh3 {[%clk 00:57:49]} {[%emt 00:02:09]}
20. b4 {[%clk 00:59:32]} {[%emt 00:03:24]} g5 {[%clk 00:50:26]} {[%emt
00:07:54]} 21. Qg2 {[%clk 00:51:59]} {[%emt 00:08:02]} gxf4 {[%clk 00:40:41]}
{[%emt 00:10:16]} 22. Qxh3 {[%clk 00:47:55]} {[%emt 00:04:33]} gxh3 {[%clk
00:41:06]} {[%emt 00:00:05]} 23. gxf4 {[%clk 00:43:57]} {[%emt 00:04:28]} Nf6
{[%clk 00:40:22]} {[%emt 00:01:14]} 24. Bb6 {[%clk 00:43:12]} {[%emt 00:01:14]}
Ng4 {[%clk 00:38:31]} {[%emt 00:02:22]} 25. Rfe1 {[%clk 00:36:40]} {[%emt
00:07:02]} f5 {[%clk 00:31:42]} {[%emt 00:07:19]} 26. Rb3 {[%clk 00:32:11]}
{[%emt 00:04:59]} e3 {[%clk 00:29:47]} {[%emt 00:02:25]} 27. Rd3 {[%clk
00:31:41]} {[%emt 00:00:59]} Rbe8 {[%clk 00:27:18]} {[%emt 00:03:00]} 28. c5
{[%clk 00:28:42]} {[%emt 00:03:28]} Rf6 {[%clk 00:24:57]} {[%emt 00:02:51]} 29.
Re2 {[%clk 00:20:11]} {[%emt 00:09:02]} Rg6 {[%clk 00:19:43]} {[%emt 00:05:44]}
30. Kf1 {[%clk 00:20:17]} {[%emt 00:00:24]} Re4 {[%clk 00:19:11]} {[%emt
00:01:02]} 31. cxd6 {[%clk 00:20:03]} {[%emt 00:00:43]} Rxb4 {[%clk 00:17:35]}
{[%emt 00:02:06]} 32. Bxe3 {[%clk 00:11:47]} {[%emt 00:08:46]} Rb1+ {[%clk
00:15:32]} {[%emt 00:02:33]} 33. Re1 {[%clk 00:12:10]} {[%emt 00:00:07]} Nxh2+
{[%clk 00:14:17]} {[%emt 00:01:46]} 34. Ke2 {[%clk 00:12:30]} {[%emt 00:00:10]}
Rg2+ {[%clk 00:13:47]} {[%emt 00:01:00]} 35. Bf2 {[%clk 00:12:50]} {[%emt
00:00:10]} Rb2+ {[%clk 00:14:13]} {[%emt 00:00:05]} 36. Kd1 {[%clk 00:12:24]}
{[%emt 00:00:55]} Rgxf2 {[%clk 00:14:39]} {[%emt 00:00:06]} 37. Nb3 {[%clk
00:09:35]} {[%emt 00:03:19]} Rb1+ {[%clk 00:11:54]} {[%emt 00:03:15]} 38. Nc1
{[%clk 00:10:03]} {[%emt 00:00:02]} Bb2 {[%clk 00:12:04]} {[%emt 00:00:20]} 39.
d7 {[%clk 00:08:58]} {[%emt 00:01:34]} Rxc1# {[%clk 00:12:28]} {[%emt
00:00:07]} 0-1